MARC

LEADER 00000nam0a2200000 4500
001 142927
005 20231101221008.0
035 |a (RuTPU)RU\TPU\book\154888 
090 |a 142927 
100 |a 20080913d1989 m y0rusy50 ca 
101 0 |a rus 
102 |a KZ 
105 |a y j 001zy 
200 1 |a Генетика и окружающая среда  |e учебное пособие  |f А. Б. Бигалиев, С. К. Абилев  |g Карагандинский государственный университет 
210 |a Караганда  |d 1989  
215 |a 112 с. 
320 |a Библиогр.: с. 112. 
610 1 |a генетика 
610 1 |a окружающая среда 
610 1 |a учебные пособия 
610 1 |a мутагены 
610 1 |a биотрансформация 
675 |a 575(075.8)  |v 3 
700 1 |a Бигалиев  |b А. Б.  |g Айтхожа Бигалиевич 
701 1 |a Абилев  |b С. К.  |g Серикбай Каримович 
712 0 2 |a Карагандинский государственный университет  |2 stltpush  |3 (RuTPU)RU\TPU\col\8041  |9 24461 
801 1 |a RU  |b 63413507  |c 20080913  |g PSBO 
801 2 |a RU  |b 63413507  |c 20080929  |g PSBO 
942 |c BK